|
|
|
|
| LEADER |
00000nam a2200000 4500 |
| 001 |
vtls012246709 |
| 003 |
SK-MaSNL |
| 005 |
20260301085210.0 |
| 007 |
co bg auuua |
| 008 |
231221s2017 xo gq 100 0 slo |
| 015 |
|
|
|a SNBS2023
|
| 020 |
|
|
|a 9788089937066
|q (elektronická kniha)
|
| 040 |
|
|
|a SNK
|b slo
|c SNK
|e rda
|
| 041 |
0 |
|
|a slo
|
| 044 |
|
|
|a xo
|c SK
|
| 072 |
|
7 |
|2 konspekt
|
| 080 |
|
|
|2 2011
|
| 111 |
2 |
|
|a Človek na periférii spoločnosti
|n (3. :
|d 2017 :
|c Košice, Slovensko)
|4 aut
|9 414880
|
| 245 |
1 |
0 |
|a Človek na periférii spoločnosti
|b utrpenie a jeho význam
|c Soňa Vancáková, Michaela Šuľová
|
| 246 |
3 |
0 |
|a Utrpenie a jeho význam
|
| 264 |
|
1 |
|a Košice
|b Maják nádeje
|c 2017
|
| 300 |
|
|
|a 1 CD-ROM
|c 12 cm
|
| 336 |
|
|
|a text
|b txt
|2 rdacontent
|
| 337 |
|
|
|a počítač
|b c
|2 rdamedia
|
| 338 |
|
|
|a počítačový disk
|b cd
|2 rdacarrier
|
| 347 |
|
|
|a textový súbor
|b PDF
|2 rda
|
| 504 |
|
|
|a Obsahuje bibliografie a bibliografické odkazy
|
| 655 |
|
7 |
|a CD-ROM
|2 SNKPH
|9 70236
|
| 700 |
1 |
|
|a Vancáková, Soňa
|4 edt
|9 162956
|
| 700 |
1 |
|
|a Šuľová, Michaela,
|d 1987-
|4 edt
|9 162958
|
| 919 |
|
|
|a 978-80-89937-06-6
|
| 999 |
|
|
|c 665261
|d 667191
|
| 952 |
|
|
|t 1
|a SNK
|b SNK
|c SNK_KF
|y PREZ
|7 8
|p 17A1540653
|o snkSCDM 12979
|i snk2023/18517
|8 0
|0 0
|1 0
|4 0
|d 2023-12-21
|l 0
|r 2026-02-23 19:07:13
|w 2026-02-23
|